Culture Générale - Série 2108 - Statistiques

Statistiques générales
  • Ce quiz a été pris 98 fois
  • Le résultat moyen est 4 sur 10
Statistiques - réponses
Question Réponse % Correct
Quel dieu grec se déplace en char aquatique, avec un trident à la main ? Poséidon
88%
Quelle est la capitale des Bahamas ? Nassau
70%
Dans quelle ville française se trouve le temple romain hexastyle appelé "la maison carrée" ? Nîmes
65%
Σ - 18° lettre de l'alphabet grec sigma
47%
Quel fleuve traverse le Tibet, l'Inde et le Bangladesh ? Brahmapoutre
26%
Pyramide de pierres élevée par des alpinistes, des explorateurs comme point de repère ou marque de leur passage - voir photo cairn
26%
Sous quel pseudonyme connait-on mieux Fabien Marsaud ? Grand Corps Malade
26%
Quelle rivière de 139,5 km, traverse la ville de Reims (51) ? Vesle
4%
Pour affirmer que l'on renonce à poursuivre une négociation, on emploie l'expression " se retirer sur l'.... Aventin
3%
Comment appelle-t-on le pain corse constitué de farine de châtaigne, d’eau et de sel ? pulenda
3%
Aucun quiz correspondant
Distribution des résultats
% des personnes avec chaque résultat
Percentile par nombre de réponses
Votre historique - résultats
Vous n’avez pas pris ce quiz